Statistics for Astronomical Elements on a Map of the Solar System

Click here to take the quiz!

General Stats

  • This quiz has been taken 79 times
  • The average score is 14 of 18

Answers on the Map

Answers color-coded by a green-red scale on the quiz's map according to % correct below.
 

Answer Stats

Answer% Correct
Earth
100%
Mercury
97%
Mercury
97%
Pluto
97%
Sun
97%
Neptune
96%
Uranus
96%
Moon
91%
Plutonium
80%
Uranium
80%
Helium
79%
Neptunium
77%
Ceres
69%
Cerium
50%
Selenium
44%
Palladium
40%
Pallas
36%
Tellurium
36%

Score Distribution

Percentile by Number Answered

Percent of People with Each Score

Your Score History

You have not taken this quiz